Eurostat yearbook <the> statistical guide to Europe 1989-1999 data

Uložené v:
Podrobná bibliografia
Korporativný autor: Eurostat
Médium: Kniha
Jazyk:Multiple languages
Vydavateľské údaje: Luxembourg Office for Official Publications of the European Communities 2001
Edícia:Panorama of the European Union
Predmet:
Tagy: Pridať tag
Žiadne tagy, Buďte prvý, kto otaguje tento záznam!

MARC

LEADER 00000nam a2200000 4500
001 c130111
005 20221221130056.3
020 |a 92-828-8653-0 
041 0 |a mul 
044 |a LU 
245 1 0 |a Eurostat yearbook  |b <the> statistical guide to Europe 1989-1999 data 
264 1 |a Luxembourg  |b Office for Official Publications of the European Communities  |c 2001 
300 |a 1 CD-ROM 
490 1 |a Panorama of the European Union 
830 0 |a Panorama of the European Union 
610 2 0 |a údaje štatistické 
610 2 0 |a populácia 
610 2 0 |a prostredie životné 
610 2 0 |a príjmy 
610 2 0 |a výdavky verejné 
610 2 0 |a podnikanie 
610 2 0 |a sektory hospodárske 
610 2 0 |a Európska únia 
610 2 0 |a Európa 
610 2 0 |a 1989-1999 
710 2 |a Eurostat